000 00886nam a22002057a 4500
005 20240506115530.0
010 _aHIN-127471
020 _a9789384774851
_c200.00
035 _aHN-99817
037 _bDBAD
082 _a821
100 _aपंकज, जगदीश
_965730
245 _aअवशेषों की विस्मृत गाथा:
_bनवगीत संग्रह/
_cजगदीश पंकज
250 _aप्रथम
260 _aगाजियाबाद (उ.प्र.)
_bपराग बुक्स
_c2020
270 _aए-15,जी.एफ-2,श्याम पार्क एक्स.,साहिबाबाद,
_bगाजियाबाद (उ.प्र.)
_e110092
300 _a104पृ.
_c23सेमी. (सजिल्द)
650 _aहिन्दी
_965731
942 _2ddc
_cHN
_h821
_mपंकज
999 _c202539
_d202539